| 000 | 00369nam a2200133Ia 4500 | ||
|---|---|---|---|
| 008 | 220217s9999||||xx |||||||||||||| ||und|| | ||
| 020 | _a81-7409-066-5 | ||
| 082 | _a621.382 2 SAR | ||
| 100 |
_aSarkar, N _91936 |
||
| 245 | 0 | _aElements of digital signal processing | |
| 260 |
_aKhanna publishers _bDelhi _c2000 |
||
| 300 | _b180 | ||
| 650 |
_aSIGNAL PROCESSING _9719 |
||
| 999 |
_c167829 _d167829 |
||